00670cpmaa2200229 4500001001300000003000400013005001700017008004100034010001700075040002400092072001200116100005200128245004400180300001300224506002200237545002800259546003600287580005700323656002000380656002300400999001700423mm 79001171 DLC20260227111634.0790423|||||||||||| eng  amm 79001171  aDLCcDLCedacsdDLC 7aL2lcmd1 aDeems, Charles F.q(Charles Force),d1820-1893.00aCharles F. Deems correspondence,f1877. a1fitem.0 aOpen to research.0 aClergyman and educator. aCollection material in English. aForms part of: Miscellaneous Manuscripts collection. 7aClergy.2itoamc 7aEducators.2itoamc c40633d40633